000 00787nam a22002417a 4500
003 OSt
005 20220107122818.0
008 160715b xxu||||| |||| 00| 0 eng d
020 _a9780743276641
040 _cIIITMK
082 _a153 MIN/E
100 _aMinsky, Marvin
_910192
245 _aThe emotion machine:
_bCommonsense thinking, artifical intelligence and the future of the human mind.
_cMarvin Minsky
260 _aNew York,
_bSimon & Schuster Paperbacks,
_c2006.
300 _a387p.
650 _aPSYCHOLOGY
_910193
650 _aHUMAN INFORMATION PROCESSING
_910603
650 _aMENTAL PROCESS AND INTELLIGENCE
_910194
650 _aARTIFICIAL INTELLIGENCE
_910692
650 _aTHOUGHT AND THINKING
_910195
650 _aEMOTIONS AND COGNITION
_910604
942 _2ddc
_cBK
999 _c5303
_d5303